特急「ふじかわ」の停車駅 - Statistics

General Stats
  • This quiz has been taken 86 times
  • The average score is 9 of 13
Answer Stats
停車駅 % Correct
富士
97%
静岡
96%
甲府
95%
清水
89%
富士宮
89%
身延
88%
鰍沢口
67%
南甲府
63%
下部温泉
56%
市川大門
53%
東花輪
45%
内船
37%
甲斐岩間
33%
No matching quizzes found
Score Distribution
Percent of People with Each Score
Percentile by Number Answered
Your Score History
You have not taken this quiz